Escenotécnicas en Teatro, Cine y T.V /
Este libro tiene el fin de llevar a los grupos de teatro independientes o libres, centros o círculos recreativos, o culturales, colegios e instituciones de enseñanza, unos conocimientos valiosos y básicos para iniciación y formación de directores críticos escenógrafos, decoradores y expertos técnico...
Gardado en:
| Autor Principal: | |
|---|---|
| Formato: | Libro |
| Idioma: | Lingua castelá |
| Temas: | |
| Etiquetas: |
Sen Etiquetas, Sexa o primeiro en etiquetar este rexistro!
|
MARC
| LEADER | 00000nam^a2200000^a^4500 | ||
|---|---|---|---|
| 001 | 000036961 | ||
| 005 | 20250521000000.0 | ||
| 009 | 20260310085411.037 | ||
| 020 | |a 84-7095-095-9 | ||
| 037 | |a Acervo ITESO - Biblioteca | ||
| 041 | |a ESP | ||
| 082 | |a 792. 02 |b BON | ||
| 100 | |a Bont, Dan |e (autor) | ||
| 245 | 1 | 0 | |a Escenotécnicas en Teatro, Cine y T.V / |c Dan Bont. |
| 264 | |a Barcelona, España : |b LEDA, |c 1981 | ||
| 300 | |a 136 p. | ||
| 336 | |a texto |b txt |2 rdacontenido | ||
| 337 | |a sin mediación |b n |2 rdamedio | ||
| 338 | |a volumen |b nc |2 rdasoporte | ||
| 520 | |a Este libro tiene el fin de llevar a los grupos de teatro independientes o libres, centros o círculos recreativos, o culturales, colegios e instituciones de enseñanza, unos conocimientos valiosos y básicos para iniciación y formación de directores críticos escenógrafos, decoradores y expertos técnicos que comprenden tramoya, mecánica, montaje, armado y escenotécnicas. | ||
| 649 | |a XX | ||
| 650 | |a Comunicación Visual | ||
| 650 | |a Teatro | ||
| 650 | |a Escenografía | ||
| 650 | |a Televisión | ||
| 650 | |a Escenografía | ||
| 910 | |a Fondo General | ||
| 920 | |a Impresos - Libros | ||
| 930 | |a Colección General | ||
| 905 | |a 101 | ||
| 901 | |a 0369610100 |b IT1 |c ACC |i 036961 |u 20250521 | ||
| 902 | |a https://opac.biblio.iteso.mx/vufind/Record/000036961 | ||